000 01036nam0a22002651 4500
001 rc\795553
005 20260407122932.0
035 _a(NLR Aleph) 006320437
090 _a7446169
_c7446169
100 _a20040301d1983 |||y0rusy50 ca
101 0 _arus
102 _aRU
105 _ay |||||||||
200 1 _aЖилищный кодекс Украинской ССР
_eМетод. рекомендации
_fОдес. обл. орг. о-ва "Знание"
_g[Сост. к. ю. н., доц. Червоный Ю.С. и др.]
210 _aОдесса
_cБ. и.
_d1983
215 _a[2], 26 с.
_d20
225 1 _aВ помощь лектору
320 _aБиблиогр.: с. 25-26
702 1 _aЧервоный
_bЮ.С.
_gЮрий Семенович
_4220
712 0 2 _a"Знание", общество УССР
_cКиев
_bОдесское областное отделение
_3RU\NLR\AUTH\889960568
_9417415
801 0 _aRU
_bNLR
_gpsbo
801 1 _aRU
_bELAR
_2rusmarc
852 _aNLR
_j84-4/12698
942 _cBOOK
980 _aNB